| 000 | 00362nam a2200145Ia 4500 | ||
|---|---|---|---|
| 008 | 150201s1989 xx 000 0 und d | ||
| 082 |
_a603 _bT1989T |
||
| 100 | _aTABER'S | ||
| 245 | _aTABERS CYCLOPEDIC MEDICAL DICTIONARY | ||
| 250 | _a17TH | ||
| 260 |
_bF.A.DAVIS COMPANY _aPHILADELPHIA _c1989 |
||
| 300 | _aJan-00 | ||
| 650 | _aDICTIONARIES | ||
| 942 |
_2ddc _cBK |
||
| 999 |
_c3671 _d3671 |
||